=LDR 00000nam 2200000 4500 =001 INLIS000000000027180 =005 20130612125556 =008 ***********************************Ind** =035 ##$$0010-061300000027180 =041 ##$$a Ind =082 ##$$a 371.1 =090 ##$$a 371.1, Mur m =100 ##$$a Mursell =245 ##$$a Mengajar dengan sukses, successful feaching, Mursell, Nasution =260 ##$$a 2006 $b Jakarta =300 ##$$a xiii, 130 hlm, 20 cm =650 ##$$a Mengajar =700 ##$$a Nasution =850 ##$$a NBPNMAT